000
00302nam a2200145Ia 4500
100
_a
Edwards/J.
942
_c
BK
654
_a
Integral Calculus
245
_a
Integral Calculus
260
_b
Mac Millian
_a
London
_c
1932
082
_a
515.4
_b
Edw
300
_a
308
546
_a
ENGLISH
999
_c
28775
_d
28775